000 00177 a2200097 4500
020 _a9789871156603
041 _aspa
100 _aAdriana Idalgo
245 _aKacero
942 _cK
999 _c26307
_d26307